| Registos Bibliográficos associados ao registo de autoridade |
|
Etiqueta de registo: 00254nkm 2200109 450 001 1854417 003 http://id.bnportugal.gov.pt/bib/catbnp/1854417 100 ## $a20131029d1994 am y0pory0103 ba 101 0# $apor 102 ## $aPT 200 1# $aFerrália 94$bVisual gráfico]$efeira de acessórios e equipamento auxiliar para a indústria da madeira$fAssociação Industrial Portuense, EXPONOR$g[design] Bozell Portugal 210 #9 $aPorto$cAssociação Industrial Portuense,$d1994 215 ## $a1 cartaz$ccolor.$d68x48 cm 317 ## $aColeção Madeira Luís$5PTBN: CT. 12278 A. 675 ## $a339.17(469.121)"1994"(084.5)$vBN$zpor$3588845 675 ## $a766(=1:469)"199"(084.5)$vBN$zpor$31285670 675 ## $a630*83(469.121)"199"(084.5)$vBN$zpor$31550808 710 12 $aFerrália 94,$ePorto$31550812 712 02 $aAssociação Industrial Portuense$4557$3151 712 02 $aEXPONOR$4557$336187 712 02 $aBozell Portugal$4410$31552186 801 #0 $aPT$bBN$gRPC 966 ## $lBN$mICONOG$pFrancisco Madeira Luís$sCT. 12278 A.$x3 997 ## $aBIBEOD
Etiqueta de registo: 00254nkm 2200109 450 001 1854380 003 http://id.bnportugal.gov.pt/bib/catbnp/1854380 100 ## $a20131029d1994 km y0pora0103 ba 101 0# $apor 102 ## $aPT 200 1# $a EMAF 94 $bVisual gráfico]$eexposição internacional de máquinas ferramentas e acessórios$fAssociação Industrial Portuense, EXPONOR$g[design] Bozell Portugal 210 #9 $aPorto$cAssociação Industrial Portuense,$d1994 215 ## $a1 cartaz$ccolor.$d68x48 cm 317 ## $aColeção Madeira Luís$5PTBN: CT. 12277 A. 675 ## $a339.17(469.121)"1994"(084.5)$vBN$zpor$3588845 675 ## $a62-1/-9(084.5)$vBN$zpor$31550738 675 ## $a766(=1:469)"199"(084.5)$vBN$zpor$31285670 710 12 $aEMAF 94,$ePorto$31550740 712 02 $aAssociação Industrial Portuense$4557$3151 712 02 $aEXPONOR$4557$336187 712 ## $aBozell Portugal$4410$31552186 801 #0 $aPT$bBN$gRPC 966 ## $lBN$mICONOG$pFrancisco Madeira Luís$sCT. 12277 A.$x3 997 ## $aBIBEOD
Etiqueta de registo: 00254nkm 2200109 450 001 1854363 003 http://id.bnportugal.gov.pt/bib/catbnp/1854363 100 ## $a20131029d1993 am y0pora0103 ba 101 0# $apor 102 ## $aPT 200 1# $aInformática 93$bVisual gráfico]$eexposição de sistemas de informática telemática e comunicações$fAssociação Industrial Portuense, EXPONOR$g[design] Bozell Portugal 210 #9 $aPorto$cAssociação Industrial Portuense,$d1993 215 ## $a1 cartaz$ccolor.$d68x48 cm 317 ## $aColeção Madeira Luís$5PTBN: CT. 12276 A. 330 ## $aSugestão de diverso equipamento informático 675 ## $a004(084.5)$vBN$zpor$3946754 675 ## $a339.17(469.121)"1993"(084.5)$vBN$zpor$3759135 675 ## $a766(=1:469)"199"(084.5)$vBN$zpor$31285670 710 12 $aInformática 93,$ePorto$31550727 712 02 $aBozell Portugal$4410$31552186 712 02 $aAssociação Industrial Portuense$4557$3151 712 02 $aEXPONOR$4557$336187 801 #0 $aPT$bBN$gRPC 966 ## $lBN$mICONOG$pFrancisco Madeira Luís$sCT. 12276 A.$x3 997 ## $aBIBEOD
Etiqueta de registo: 00000nkm 2200025 450 001 2266816 003 http://id.bnportugal.gov.pt/bib/catbnp/2266816 100 ## $a20260213d1993 m y0pory01030103ba 101 0# $apor$aeng$afre 102 ## $aPT 200 1# $aExport Home 93: Mobiliário, Iluminação e Artigos da Casa para Exportação 3-7 março,
Furniture, Lighting, and Houseware for Export, Mobilier, Luminaire et Articles Ménagers
pour l'Exportation$bVisual gráfico]$fAssociação Industrial Portuense$gBozell Portugal 210 #9 $aPorto$cAssociação Industrial Portuense,$d1993 215 ## $a1 cartaz$ccolor.$d5,5x15 cm 317 ## $aColeção Madeira Luís 675 ## $a766(=1:469)"1993"(084.5)$vBN$zpor$31980825 710 02 $aAssociação Industrial Portuense$3151 712 02 $aBozell Portugal$31552186 801 #0 $aPT$bBN$gRPC 966 ## $lBN$mICONOG$sCT. 21108 A.$x3 971 ## $cCaticonografia2$d20260213 995 ## $aPRR2026 $d20260213$iCaticonografia2
Etiqueta de registo: 00000nkm 2200025 450 001 2273197 003 http://id.bnportugal.gov.pt/bib/catbnp/2273197 100 ## $a20260227f19821992m y0pory01030103ba 101 0# $apor 102 ## $aPT 200 1# $a O lixo não cai do céu. Não sujar é bem estar$bVisual gráfico]$fAssociação de Municípios para o Estudo do Sistema de Tratamento Dos Resíduos Sólidos$gBozell Sensus 210 #9 $a[S.l.]$cAssociação de Municípios para o Estudo do Sistema de Tratamento Dos Resíduos Sólidos,$d[entre 1982 e 1992]$e[S.l.] :$gFernandes e Terceiro - Artes Gráficas) 215 ## $a1 cartaz$ccolor.$d59,5x42 cm 306 ## $aDatação atribuída em conformidade com as características formais do documento 317 ## $aColeção Madeira Luís 710 02 $aAssociação de Municípios para o Estudo do Sistema de Tratamento dos Resíduos Sólidos$31987944 712 02 $aBozell Portugal$31552186 801 #0 $aPT$bBN$gRPC 966 ## $lBN$mICONOG$sCT. 22755 A.$x3 971 ## $cCaticonografia1$d20260227 995 ## $aPRR2026
Etiqueta de registo: 00000nkm 2200025 450 001 2276462 003 http://id.bnportugal.gov.pt/bib/catbnp/2276462 100 ## $a20260305d1993 m y0pory01030103ba 101 0# $apor$aspa$aeng 102 ## $aPT 200 1# $aAJUTEC 93, 2ª Feira Internacional de Ajudas Técnicas e Novas Tecnologias para Pessoas
com Deficiências, EXPONOR - Feira Internacional do Porto, 9-12 dezembro$bVisual gráfico]$fAssociação Industrial Portuense$gBozell Portugal 210 #9 $a[Porto]$cAssociação Industrial Portuense,$d1993 215 ## $a1 cartaz$ccolor.$d63,5x48 cm 317 ## $aColeção Madeira Luís 710 01 $aFeira Internacional de Ajudas Técnicas e Novas Tecnologias para Pessoas com Deficiências$d2,$ePorto,$f1993$31993526 712 02 $aAssociação Industrial Portuense$3151 712 01 $aEXPONOR.$bDivisão de Feiras e Exposições$31989153 712 02 $aBozell Portugal$31552186 801 #0 $aPT$bBN$gRPC 966 ## $lBN$mICONOG$sCT. 23518 A.$x3 971 ## $cCaticonografia7$d20260305 995 ## $aPRR2026
Etiqueta de registo: 00000nkm 2200025 450 001 2276306 003 http://id.bnportugal.gov.pt/bib/catbnp/2276306 100 ## $a20260305d1993 m y0pory01030103ba 101 0# $apor$afre$aeng 102 ## $aPT 200 1# $aCampi Sport, juventude e desporto, 13ª Exposição de Campismo, Caravanismo e Desporto,
7º Salão para a Juventude, EXPONOR - Feira Internacional do Porto, 13-21 fevereiro
1993$bVisual gráfico]$fAssociação Industrial Portuense$gBozell Portugal 210 #9 $a[Porto]$cAssociação Industrial Portuense,$d1993 215 ## $a1 cartaz$ccolor.$d67,7x48 cm 317 ## $aColeção Madeira Luís 710 01 $aExposição de Campismo, Caravanismo e Desporto,$d13,$ePorto,$f1993$31993501 711 01 $aSalão para a Juventude,$d7,$ePorto,$f1993$31993502 712 02 $aAssociação Industrial Portuense$3151 712 01 $aEXPONOR.$bDivisão de Feiras e Exposições$31989153 712 02 $aBozell Portugal$31552186 801 #0 $aPT$bBN$gRPC 966 ## $lBN$mICONOG$sCT. 23504 A.$x3 971 ## $cCaticonografia7$d20260305 995 ## $aPRR2026
Etiqueta de registo: 00000nkm 2200025 450 001 2276292 003 http://id.bnportugal.gov.pt/bib/catbnp/2276292 100 ## $a20260305d1993 m y0pory01030103ba 101 0# $apor$aspa$aeng 102 ## $aPT 200 1# $aFepa 93, 3ª Feira de Artigos de Papelaria, Material Didático e Brinquedos, EXPONOR
- Feira Internacional do Porto, 18-21 março$bVisual gráfico]$fAssociação Industrial Portuense$gBozell Portugal 210 #9 $a[Porto]$cAssociação Industrial Portuense,$d1993 215 ## $a1 cartaz$ccolor.$d69,7x47,9 cm 317 ## $aColeção Madeira Luís 710 01 $aFeira de Artigos de Papelaria, Material Didático e Brinquedos,$d3.$ePorto,$f1993$31993495 712 02 $aAssociação Industrial Portuense$3151 712 01 $aEXPONOR.$bDivisão de Feiras e Exposições$31989153 712 02 $aBozell Portugal$31552186 801 #0 $aPT$bBN$gRPC 966 ## $lBN$mICONOG$sCT. 23502 A.$x3 971 ## $cCaticonografia7$d20260305 995 ## $aPRR2026
|
|
|